[Event "EU-Cup 39th"]
[Site "Vrnjacka Banja"]
[Date "2024.10.26"]
[Round "7.38"]
[White "Decrop, Benjamin"]
[Black "Peoples, Jonathon"]
[Result "1-0"]
[WhiteElo "2229"]
[BlackElo "1885"]
[PlyCount "111"]
[EventDate "2024.10.20"]
[EventType "team-swiss"]
[EventRounds "7"]
[EventCountry "SRB"]
[SourceTitle "CB45_2024"]
[Source "ChessBase"]
[SourceDate "2024.11.06"]
[SourceVersion "1"]
[SourceVersionDate "2024.11.06"]
[SourceQuality "1"]
[WhiteTeam "Ostend"]
[BlackTeam "Dublin Univ College"]
[WhiteTeamCountry "BEL"]
[BlackTeamCountry "IRL"]

1. e4 c5 2. Nf3 e6 3. b3 d5 4. exd5 exd5 5. Bb5+ Bd7 6. Bxd7+ Qxd7 7. 0-0 Nc6 8. Re1+ Be7 9. Bb2 d4 10. Na3 Nf6 11. Nc4 0-0 12. Nfe5 Nxe5 13. Nxe5 Qc7 14. c3 dxc3 15. dxc3 Bd6 16. c4 Rfe8 17. Nf3 Ng4 18. Rxe8+ Rxe8 19. h3 Ne5 20. Qd5 Nxf3+ 21. Qxf3 Be5 22. Re1 Bh2+ 23. Kf1 Rxe1+ 24. Kxe1 Be5 25. Qe4 Bd6 26. Ke2 h6 27. Bc3 Qd7 28. g4 Qc7 29. h4 Be7 30. h5 Qd7 31. Qf5 Qc6 32. Qd5 Qc8 33. Qf5 Qc6 34. f3 Bg5 35. Qd5 Qc8 36. Be5 Be7 37. Kd3 Bh4 38. Bd6 Bf2 39. Be7 Bd4 40. Qd8+ Qxd8 41. Bxd8 Kf8 42. Ke4 Ke8 43. Bh4 Kd7 44. Kd5 Be3 45. Bg3 a6 46. Bd6 b6 47. Bf8 Bd4 48. b4 Ke8 49. bxc5 bxc5 50. Bxc5 Bf6 51. Bd4 Bxd4 52. Kxd4 Kd8 53. Kd5 Kd7 54. c5 a5 55. a4 g6 56. g5 1-0

[Event "EU-Cup 39th"]
[Site "Vrnjacka Banja"]
[Date "2024.10.25"]
[Round "6.1"]
[White "Sammalvuo, Tapani"]
[Black "Decrop, Benjamin"]
[Result "0-1"]
[WhiteElo "2368"]
[BlackElo "2229"]
[PlyCount "80"]
[EventDate "2024.10.20"]
[EventType "team-swiss"]
[EventRounds "7"]
[EventCountry "SRB"]
[SourceTitle "CB44_2024"]
[Source "Chessbase"]
[SourceDate "2024.10.30"]
[SourceVersion "1"]
[SourceVersionDate "2024.10.30"]
[SourceQuality "1"]
[WhiteTeam "Raahen Linnoitus"]
[BlackTeam "Ostend"]
[WhiteTeamCountry "FIN"]
[BlackTeamCountry "BEL"]

1. d4 Nf6 2. c4 e6 3. Nf3 d5 4. g3 Be7 5. Bg2 0-0 6. 0-0 dxc4 7. Qa4 a6 8. Qxc4 b5 9. Qc2 Bb7 10. Bf4 Nc6 11. Rd1 Nb4 12. Qc1 Rc8 13. Nc3 Nbd5 14. Nxd5 Bxd5 15. Be3 Ng4 16. Bg5 Bxg5 17. Nxg5 Bxg2 18. Kxg2 Qd5+ 19. f3 Nf6 20. e4 Qb7 21. Qc5 h6 22. Nh3 Nd7 23. Qb4 c5 24. dxc5 Nxc5 25. Nf4 Qb6 26. Rac1 a5 27. Qc3 Nxe4 28. Qe1 Nf6 29. Qe5 Rxc1 30. Rxc1 Rd8 31. Qe2 Qd4 32. Rc3 Nd5 33. Nxd5 Qxd5 34. a3 b4 35. axb4 axb4 36. Rc2 e5 37. Rc4 b3 38. Re4 f6 39. Re3 Rc8 40. Qf2 Rc2 0-1

[Event "Bruges op"]
[Site "Bruges"]
[Date "2024.08.16"]
[Round "9"]
[White "Nguyen, Khoi"]
[Black "Decrop, Benjamin"]
[Result "0-1"]
[WhiteElo "2108"]
[BlackElo "2235"]
[PlyCount "133"]
[EventDate "2024.08.10"]
[EventType "swiss"]
[EventRounds "9"]
[EventCountry "BEL"]
[SourceTitle "CBM 221 Extra"]
[Source "ChessBase"]
[SourceDate "2024.09.30"]
[SourceVersion "1"]
[SourceVersionDate "2024.09.30"]
[SourceQuality "1"]

1. d4 Nf6 2. c4 e6 3. Nf3 d5 4. Nc3 Bb4 5. Qa4+ Nc6 6. a3 Bxc3+ 7. bxc3 Ne4 8. e3 Nxc3 9. Qc2 Ne4 10. Bd3 0-0 11. Bxe4 dxe4 12. Qxe4 Na5 13. Qd3 c5 14. Bb2 Qb6 15. 0-0 Qb3 16. Qxb3 Nxb3 17. Rab1 Na5 18. Rfc1 cxd4 19. exd4 Rd8 20. Ne5 f6 21. Nf3 b6 22. c5 Bb7 23. Nd2 Bd5 24. Bc3 Nc6 25. cxb6 axb6 26. Rxb6 Rxa3 27. Nf1 Rb3 28. Rxb3 Bxb3 29. Nd2 Bd5 30. f3 Rc8 31. Bb2 Rb8 32. Bc3 Ra8 33. Ra1 Rc8 34. Ra3 Ne7 35. Kf2 Nf5 36. Nf1 Nd6 37. Bb4 Rc2+ 38. Kg1 Nb5 39. Rd3 Rc1 40. Re3 Nxd4 41. Bd2 Rc2 42. Rd3 Nb3 43. Be1 Nc5 44. Rc3 Rxc3 45. Bxc3 Nd3 46. Ne3 Kf7 47. Kf1 Bc6 48. Ke2 Bb5 49. Kd2 h5 50. g3 Nc5 51. Bb4 Nd7 52. Ke1 Ne5 53. Bc3 Nxf3+ 54. Kf2 Nxh2 55. Kg2 Ng4 56. Nxg4 hxg4 57. Kf2 e5 58. Ke3 Ke6 59. Bb4 f5 60. Bf8 g5 61. Bh6 f4+ 62. Kf2 Kf5 63. Kg2 e4 64. Bf8 e3 65. Bc5 f3+ 66. Kh2 f2 67. Bxe3 0-1

[Event "Bruges op"]
[Site "Bruges"]
[Date "2024.08.10"]
[Round "1"]
[White "Weber, Madeline"]
[Black "Decrop, Benjamin"]
[Result "1/2-1/2"]
[WhiteElo "1886"]
[BlackElo "2235"]
[PlyCount "89"]
[EventDate "2024.08.10"]
[EventType "swiss"]
[EventRounds "9"]
[EventCountry "BEL"]
[SourceTitle "CBM 221 Extra"]
[Source "ChessBase"]
[SourceDate "2024.09.30"]
[SourceVersion "1"]
[SourceVersionDate "2024.09.30"]
[SourceQuality "1"]

1. d4 Nf6 2. c4 e6 3. Nc3 d5 4. cxd5 exd5 5. Bg5 c6 6. Qc2 h6 7. Bxf6 Qxf6 8. Nxd5 Qxd4 9. Rd1 Bb4+ 10. Nxb4 Qxb4+ 11. Qd2 Qxd2+ 12. Rxd2 Be6 13. a3 Nd7 14. Nf3 0-0-0 15. e3 Kc7 16. Be2 Nc5 17. Nd4 Bd5 18. f3 Nb3 19. Rd3 Nxd4 20. Rxd4 c5 21. Rg4 g5 22. h4 f5 23. Rg3 f4 24. exf4 Rhe8 25. Kf2 Bb3 26. Bb5 Rd2+ 27. Kg1 Re1+ 28. Kh2 Rxh1+ 29. Kxh1 a6 30. fxg5 hxg5 31. Rxg5 Rxb2 32. Bxa6 bxa6 33. Rxc5+ Kd6 34. Rg5 Be6 35. h5 Rb5 36. Rxb5 axb5 37. g4 Ke5 38. Kg2 Kf4 39. Kf2 Bd5 40. h6 Bg8 41. Ke2 Bh7 42. Kd2 Kxf3 43. Kc3 Kxg4 44. Kb4 Kg5 45. Kxb5 1/2-1/2

[Event "BEL-chT 2324"]
[Site "Belgium"]
[Date "2024.02.18"]
[Round "8.2"]
[White "Pijpers, Arthur"]
[Black "Decrop, Benjamin"]
[Result "1/2-1/2"]
[WhiteElo "2429"]
[BlackElo "2175"]
[PlyCount "57"]
[EventDate "2023.09.24"]
[EventType "team-tourn"]
[EventRounds "11"]
[EventCountry "BEL"]
[SourceTitle "EXT 2025"]
[Source "ChessBase"]
[SourceDate "2024.10.14"]
[SourceVersion "1"]
[SourceVersionDate "2024.10.14"]
[SourceQuality "1"]
[WhiteTeam "KGSRL"]
[BlackTeam "KOSK"]
[WhiteTeamCountry "BEL"]
[BlackTeamCountry "BEL"]

1. e4 c5 2. Nc3 e6 3. Nf3 Nc6 4. d4 cxd4 5. Nxd4 Qc7 6. Ncb5 Qb8 7. Bd3 a6 8. Nxc6 bxc6 9. Nd4 Nf6 10. 0-0 c5 11. Nf3 Bb7 12. e5 Ng4 13. Bf4 f5 14. Re1 Be7 15. h3 Nh6 16. Bxh6 gxh6 17. Nh4 0-0 18. Qh5 Bg5 19. Nf3 Rf7 20. Nxg5 hxg5 21. Bc4 Be4 22. Rad1 Qb4 23. b3 Bxc2 24. Rc1 Rg7 25. Qe2 Be4 26. Red1 Qb7 27. f3 Bc6 28. Rc3 a5 29. a4 1/2-1/2

[Event "BEL-chT 2324"]
[Site "Belgium"]
[Date "2024.01.28"]
[Round "6.3"]
[White "Decrop, Benjamin"]
[Black "Lenaerts, Lennert"]
[Result "1/2-1/2"]
[WhiteElo "2175"]
[BlackElo "2357"]
[PlyCount "82"]
[EventDate "2023.09.24"]
[EventType "team-tourn"]
[EventRounds "11"]
[EventCountry "BEL"]
[SourceTitle "EXT 2025"]
[Source "ChessBase"]
[SourceDate "2024.10.14"]
[SourceVersion "1"]
[SourceVersionDate "2024.10.14"]
[SourceQuality "1"]
[WhiteTeam "KOSK"]
[BlackTeam "Crelel"]
[WhiteTeamCountry "BEL"]
[BlackTeamCountry "BEL"]

1. d4 Nf6 2. c4 e6 3. Nf3 d5 4. Nc3 Be7 5. Bf4 0-0 6. e3 Nbd7 7. c5 c6 8. h4 b6 9. b4 a5 10. a3 Ne4 11. Nxe4 dxe4 12. Ne5 Nxe5 13. Bxe5 f6 14. Bg3 Qd5 15. Be2 Ba6 16. 0-0 Bxe2 17. Qxe2 axb4 18. axb4 b5 19. Qc2 Rfc8 20. Qc3 Qd8 21. Qc2 f5 22. h5 Rxa1 23. Rxa1 Ra8 24. Qb2 Kf7 25. Be5 Bf6 26. Bd6 Qe8 27. Ra5 Rxa5 28. bxa5 Qa8 29. Bc7 Bd8 30. Bxd8 Qxd8 31. Qa2 Qa8 32. a6 b4 33. Qa4 b3 34. Qxb3 Qxa6 35. Qb8 Qe2 36. Qc7+ Kf6 37. Qd8+ Kf7 38. Qd7+ Kf6 39. Qd8+ Kf7 40. Qd7+ Kf6 41. Qd6 Kf7 1/2-1/2

[Event "BEL-chT 2324"]
[Site "Belgium"]
[Date "2023.11.19"]
[Round "4.2"]
[White "Hausrath, Daniel"]
[Black "Decrop, Benjamin"]
[Result "1/2-1/2"]
[WhiteElo "2454"]
[BlackElo "2175"]
[PlyCount "118"]
[EventDate "2023.09.24"]
[EventType "team-tourn"]
[EventRounds "11"]
[EventCountry "BEL"]
[SourceTitle "EXT 2025"]
[Source "ChessBase"]
[SourceDate "2024.10.14"]
[SourceVersion "1"]
[SourceVersionDate "2024.10.14"]
[SourceQuality "1"]
[WhiteTeam "Tal"]
[BlackTeam "KOSK"]
[WhiteTeamCountry "BEL"]
[BlackTeamCountry "BEL"]

1. Nf3 Nf6 2. g3 d5 3. Bg2 e6 4. d4 Be7 5. c4 0-0 6. Qc2 c5 7. 0-0 cxd4 8. Nxd4 e5 9. Nf5 d4 10. Nxe7+ Qxe7 11. Bg5 h6 12. Bxf6 Qxf6 13. Nd2 Nc6 14. c5 Bf5 15. Qa4 Rad8 16. Ne4 Bxe4 17. Bxe4 Qe6 18. Qb3 Qxb3 19. axb3 Rc8 20. f4 exf4 21. Rxf4 a6 22. Rd1 Rfd8 23. Bxc6 Rxc6 24. b4 b6 25. cxb6 Rxb6 26. Rfxd4 Rxd4 27. Rxd4 Rc6 28. Kf2 Kf8 29. Ke3 Rc2 30. Rd2 Rc4 31. Rd4 Rc2 32. b3 Ke7 33. Kd3 Rc1 34. Rc4 Rh1 35. h4 Rd1+ 36. Ke4 Rb1 37. Rc3 Kd6 38. Rd3+ Ke6 39. Kd4 f5 40. Kc5 Rb2 41. Re3+ Kf6 42. Kb6 Ra2 43. b5 axb5 44. b4 g5 45. hxg5+ Kxg5 46. Kxb5 Kg4 47. Kc4 h5 48. b5 Rb2 49. Kc5 f4 50. gxf4 Kxf4 51. Re8 h4 52. b6 h3 53. Rh8 Kg3 54. e4 Rc2+ 55. Kd6 Rd2+ 56. Kc7 Rc2+ 57. Kb8 Re2 58. b7 Rxe4 59. Kc7 Re7+ 1/2-1/2

[Event "BEL-chT 2324"]
[Site "Belgium"]
[Date "2023.10.22"]
[Round "3.2"]
[White "Decrop, Benjamin"]
[Black "Beukema, Stefan"]
[Result "0-1"]
[WhiteElo "2175"]
[BlackElo "2425"]
[PlyCount "76"]
[EventDate "2023.09.24"]
[EventType "team-tourn"]
[EventRounds "11"]
[EventCountry "BEL"]
[SourceTitle "EXT 2025"]
[Source "ChessBase"]
[SourceDate "2024.10.14"]
[SourceVersion "1"]
[SourceVersionDate "2024.10.14"]
[SourceQuality "1"]
[WhiteTeam "KOSK"]
[BlackTeam "Wetteren"]
[WhiteTeamCountry "BEL"]
[BlackTeamCountry "BEL"]

1. d4 f5 2. c4 Nf6 3. g3 g6 4. Bg2 Bg7 5. Nf3 0-0 6. Nc3 d6 7. 0-0 c6 8. d5 e5 9. dxe6 Bxe6 10. b3 Na6 11. Ng5 Qe7 12. Nxe6 Qxe6 13. Bb2 Rad8 14. Qd2 Nc5 15. Rad1 Rfe8 16. e3 Ng4 17. Nb5 Ne5 18. Nc7 Qf7 19. Nxe8 Qxe8 20. Bxe5 Qxe5 21. Qa5 Qe8 22. b4 Ne4 23. Bxe4 fxe4 24. Qxa7 Qf7 25. a4 h5 26. h4 Be5 27. b5 cxb5 28. Qa5 Rf8 29. Qxb5 Kh8 30. Qb1 Qf3 31. Rd2 Qg4 32. Qd1 Rf3 33. c5 d5 34. Rc2 Kh7 35. a5 Qh3 36. Qe2 d4 37. Rb2 d3 38. Qd2 Bxg3 0-1